Tuyển chọn các bài toán hình học lớp 12 : Biên soạn theo chương trình mới. Bài tập chọn lọc cơ bản và nâng cao. Dùng ôn thi tốt nghiệp THPT và ôn thi vào đại học, cao đẳng

Nội dung tài liệu gồm 5 chương: khối đa diện về thể tích của chúng; mặt cầu, mặt trụ, mặt nón; toán nâng cao về các khối hình học; phương pháp tọa độ trong không gian; toán nâng cao về phương pháp tọa độ trong không gian....

Täydet tiedot

Tallennettuna:
Bibliografiset tiedot
Päätekijä: Nguyễn, Tiến Quang
Aineistotyyppi: Kirja
Kieli:Undetermined
Julkaistu: Hà Nội Giáo dục Việt Nam 2010
Aiheet:
Tagit: Lisää tagi
Ei tageja, Lisää ensimmäinen tagi!
Thư viện lưu trữ: Trung tâm Học liệu Trường Đại học Cần Thơ
LEADER 01212nam a2200229Ia 4500
001 CTU_191585
008 210402s9999 xx 000 0 und d
020 |c 25500 
082 |a 516.00712 
082 |b Qu106 
100 |a Nguyễn, Tiến Quang 
245 0 |a Tuyển chọn các bài toán hình học lớp 12 : 
245 0 |b Biên soạn theo chương trình mới. Bài tập chọn lọc cơ bản và nâng cao. Dùng ôn thi tốt nghiệp THPT và ôn thi vào đại học, cao đẳng 
245 0 |c Nguyễn Tiến Quang 
260 |a Hà Nội 
260 |b Giáo dục Việt Nam 
260 |c 2010 
520 |a Nội dung tài liệu gồm 5 chương: khối đa diện về thể tích của chúng; mặt cầu, mặt trụ, mặt nón; toán nâng cao về các khối hình học; phương pháp tọa độ trong không gian; toán nâng cao về phương pháp tọa độ trong không gian. 
650 |a Geometry,Hình học 
650 |x Study and teaching (Secondary),Dạy và học (trung học) 
904 |i Bằng 
980 |a Trung tâm Học liệu Trường Đại học Cần Thơ